000 00295nam a22001337a 4500
008 181205b xxu||||| |||| 00| 0 eng d
020 _a9781574390742
041 _aeng
080 _a610
100 _a4
101 _ashm
245 _aDrug Facts And Comparisom
_cRobert.p
942 _2udc
_cBK
999 _c52891
_d52891